NBA Mount Rushmore for Each Team - Statistics

General Stats
  • This quiz has been taken 702 times
    19 since last reset
  • The average score is 77 of 120
Answer Stats
Answer % Correct
Chris Paul
100%
David Thompson
100%
David West
100%
Dirk Nowitzki
100%
Isiah Thomas
100%
Jerry West
100%
John Stockton
100%
Julius Erving
100%
Kevin Durant
100%
Kobe Bryant
100%
LeBron James
100%
Marc Gasol
100%
Michael Jordan
100%
Nikola Jokic
100%
Pau Gasol
100%
Stephen Curry
100%
Steve Nash
100%
Tim Duncan
100%
Wilt Chamberlain
100%
Bill Russell
94%
Blake Griffin
94%
Damian Lillard
94%
David Robinson
94%
DeAndre Jordan
94%
DeMar DeRozan
94%
Dwight Howard
94%
Dwyane Wade
94%
Hakeem Olajuwon
94%
James Harden
94%
Kareem Abdul-Jabbar
94%
Karl Malone
94%
Kevin Garnett
94%
Larry Bird
94%
Lew Alcindor
94%
Patrick Ewing
94%
Russell Westbrook
94%
Scottie Pippen
94%
Shaquille O'Neal
94%
Tony Parker
94%
Vince Carter
94%
Anthony Davis
88%
Dale Davis
88%
Giannis Antetokounmpo
88%
Jason Kidd
88%
Oscar Robertson
88%
Reggie Miller
88%
Chet Walker
81%
Chris Bosh
81%
Clyde Drexler
81%
John Havlicek
81%
Kemba Walker
81%
Magic Johnson
81%
Gary Payton
75%
Gerald Wallace
75%
Kevin Johnson
75%
Larry Johnson
75%
Marques Johnson
75%
Wes Unseld
75%
Bradley Beal
69%
Charles Barkley
69%
Dominique Wilkins
69%
Kevin Love
69%
Kyle Lowry
69%
Alex English
63%
Paul Pierce
63%
Bill Laimbeer
56%
Bob Pettit
56%
Buck Williams
56%
Elvin Hayes
56%
George Gervin
56%
Joe Dumars
56%
Karl-Anthony Towns
56%
Rudy Gobert
56%
Alonzo Mourning
50%
Mike Conley
50%
Walt Frazier
50%
Willis Reed
50%
Zach Randolph
50%
Artis Gilmore
44%
Jason Terry
44%
Mark Price
44%
Adrian Dantley
38%
LaMarcus Aldridge
31%
Rik Smits
31%
Roger Brown
31%
Shawn Marion
31%
Terry Porter
31%
Zydrunas Ilgauskas
31%
Bob Lanier
25%
Brad Daugherty
25%
Calvin Murphy
25%
Dolph Schayes
25%
Jack Sikma
25%
Nick Anderson
25%
Peja Stojakovic
25%
Rolando Blackman
25%
Walt Bellamy
25%
Zion Williamson
25%
Alvan Adams
19%
Bam Adebayo
19%
Dan Issel
19%
Derek Harper
19%
Elton Brand
19%
Jack Twyman
19%
Muggsy Bogues
19%
Nikola Vucevic
19%
Richard Jefferson
19%
Sidney Moncrief
19%
Cliff Hagan
13%
Hal Greer
13%
Lou Hudson
13%
Paul Arizin
13%
Harry Gallatin
6%
Neil Johnston
6%
Rudy Tomjanovich
6%
Wally Szczerbiak
6%
Bobby Wanzer
0%
No matching quizzes found
Score Distribution
Percent of People with Each Score
Percentile by Number Answered
Your Score History
You have not taken this quiz since the last reset